ბათუმის შოთა რუსთაველის სახელმწიფო უნივერსიტეტის ბიბლიოთეკა

საწარმოო პროცესების ავტომატიზაცია ელექტრომანქანათმშენებლობაში / (ბიბ.ჩანაწერი № 39413)

000 -ლიდერი
ფიქსირებული სიგრძის საკონტროლო ველი 01121nam a2200217Ia 4500
001 - საკონტროლო ნომერი
საკონტროლო ველი 6004
003 - საკონტროლო ნომრის იდენტიფიკატორი
საკონტროლო ველი GE_BSU
005 - ბოლო ოპერაციის თარიღი და დრო
საკონტროლო ველი 20190624180959.0
008 - ფიქსირებული სიგრძის მონაცემთა ელემენტები - ზოგადი ინფორმაცია
ფიქსირებული სიგრძის საკონტროლო ველი 181216s1969||||ge |||||||||||||| ||geo||
041 ## - ენის კოდი
Language code of text/sound track or separate title geo
080 ## - უნივერსალური ათობითი კლასიფიკაციის ინდექსი
Universal Decimal Classification number 621.313 გ-26
100 ## - მთავარი ჩანაწერი - პიროვნების სახელი
Personal name გეგეშიძე, გ.
9 (RLIN) 2192
245 ## - ცნობა სათაურის შესახებ
Title საწარმოო პროცესების ავტომატიზაცია ელექტრომანქანათმშენებლობაში /
Statement of responsibility, etc გ. გეგეშიძე ; რედ : რ. სურგულაძე.
264 ## - წარმოების, გამოცემის, დისტრიბუციის და სხვა ცნობები
გამოცემის, წარმოების, დისტრიბუციის... ადგილი თბილისი :
გამოცემის, წარმოების, დისტრიბუციის... სახელწოდება საბჭოთა საქართველო,
გამოცემის, წარმოების, დისტრიბუციის... თარიღი 1969.
300 ## - ფიზიკური აღწერა
Extent 318 გვ.:
Other physical details ცხრილი 44;
Dimensions 22 სმ.
504 ## - BIBLIOGRAPHY, ETC. NOTE
Bibliography, etc ბიბლიოგრ.:გვ.311-317
653 ## - INDEX TERM--UNCONTROLLED
Uncontrolled term საწარმოო პროცესების ავტომატიზაცია ელექტრომანქანათმშენებლობაში
653 ## - INDEX TERM--UNCONTROLLED
Uncontrolled term ტექნიკა
700 ## - ADDED ENTRY--PERSONAL NAME
Personal name სურგულაძე, რ
Relator term რედაქტორი
9 (RLIN) 2847
942 ## - ADDED ENTRY ELEMENTS (KOHA)
Koha item type წიგნი
Source of classification or shelving scheme
ეგზემპლარები
ჩამოწერის სტატუსი დაკარგული ეგზემპლარის სტატუსი კლასიფიკაციის წყარო ან თაროზე გაწყობის სქემა დაზიანების სტატუსი არ გაიცემა მუდმივი მდებარეობა (დაცვის ადგილი) ამჟამინდელი ადგილსამყოფელი თაროზე განთავსების ადგილი შეძენის თარიღი ღირებულება, შესყიდვის ნორმალური ფასი სრული შენახვის შიფრი შტრიხკოდი ბოლო ოპერაციის თარიღი ეგზემპლარის მიმდევრობითი ნომერი (კეტერი?) ფასის ძალაში შესვლის თარიღი ეგზემპლარის სახეობა საჯარო შენიშვნა
          ტექნოლოგიური ფაკულტეტის ბიბლიოთეკა ტექნოლოგიური ფაკულტეტის ბიბლიოთეკა წიგნსაცავი 2018-12-17 4.00 621.313 გ-26 10859 2018-12-17 10859 2018-12-17 წიგნი 4 ლ. 84 თ.
          ტექნოლოგიური ფაკულტეტის ბიბლიოთეკა ტექნოლოგიური ფაკულტეტის ბიბლიოთეკა წიგნსაცავი 2018-12-17 4.00 621.313 გ-26 10860 2018-12-17 10860 2018-12-17 წიგნი 4 ლ. 84 თ.
          ტექნოლოგიური ფაკულტეტის ბიბლიოთეკა ტექნოლოგიური ფაკულტეტის ბიბლიოთეკა წიგნსაცავი 2018-12-17 4.00 621.313 გ-26 10861 2018-12-17 10861 2018-12-17 წიგნი 4ლ.84 თ.